NBA Jersey Numbers 2016-17 - Statistics

General Stats
  • This quiz has been taken 5,030 times
  • The average score is 23 of 38
Answer Stats
Jersey Number Team Player % Correct
0 Thunder Russell Westbrook
99%
3 Clippers Chris Paul
88%
2 Spurs Kawhi Leonard
86%
30 Warriors Stephen Curry
81%
13 Rockets James Harden
79%
11 Warriors Klay Thompson
79%
7 Knicks Carmelo Anthony
78%
4 Celtics Isaiah Thomas
77%
23 Pelicans Anthony Davis
76%
21 Bulls Jimmy Butler
74%
35 Warriors Kevin Durant
73%
10 Raptors DeMar DeRozan
72%
9 Spurs Tony Parker
72%
32 Timberwolves Karl-Anthony Towns
69%
32 Clippers Blake Griffin
68%
33 Grizzlies Marc Gasol
67%
16 Spurs Pau Gasol
67%
1 Heat Chris Bosh
65%
15 Kings DeMarcus Cousins
65%
23 Cavaliers Lebron James
64%
22 Timberwolves Andrew Wiggins
62%
27 Jazz Rudy Gobert
59%
6 Knicks Kristaps Porzingis
58%
20 Jazz Gordon Hayward
57%
99 Celtics Jae Crowder
57%
12 Spurs LaMarcus Aldridge
57%
25 Knicks Derrick Rose
54%
34 Bucks Giannis Antetokounmpo
53%
36 Celtics Marcus Smart
48%
50 Grizzlies Zach Randolph
46%
26 Hawks Kyle Korver
39%
5 Hornets Nicholas Batum
39%
8 Kings Rudy Gay
35%
40 Mavericks Harrison Barnes
32%
17 Hawks Dennis Schroder
31%
31 Raptors Terrence Ross
27%
14 Hornets Michael Kidd-Gilchrist
23%
18 Bucks Miles Plumlee
7%
No matching quizzes found
Score Distribution
Percent of People with Each Score
Percentile by Number Answered
Your Score History
You have not taken this quiz